02507cam a22003254a 450000100090000000300040000900500170001300800410003001000170007102000180008802000180010604000170012404200080014105000130014908200120016210000270017424501040020125000120030526000490031730000380036650400510040450514380045565000270189365000380192070000220195890600450198094200120202599900160203795201280205313297068OSt20220120114543.0030731s2004 mauab b 001 0 eng  a 2003059363 a9780262182348 a9780262681537 aDLCcLCdDLC apcc00aHB90.R6700a337222 q Rosser, J. Barkley Jr10aComparative economics in a transforming world economy. /cJ. Barkley Rosser, Jr., Marina V. Rosser. a2nd ed. aCambridge, Massachusetts:bMIT Press,c2004. ax, 646 p. :bill., maps ;c24 cm. aIncludes bibliographical references and index. aContents: I. Overview of comparative economics: How do we compare economies? -- The Theory and practice of market capitalism -- The Theory and practice of market capitalism -- The Theory and history of marxism and socialism -- Islamic economics and the economics of other religions -- II. Varieties of advanced market capitalism: The United States of America: the market capitalist leader -- Japan: A planned market economy with traditional elements -- Whither indicative planning? the case of France -- Sweden: crisis and reform of the social market welfare state -- The Unification of Germany and the unification of Europe -- III. Variants of transition among former socialist economies: The Former Soviet Union: the myth and reality of the command economy and Russia's economic transition -- Alternative paths of transition in the former Soviet union -- Poland: the peril and promise of shock therapy -- Hungary: gradualism and the first successful completed transition? -- Worker-managed market socialism: the collapse of Yugoslavia and the success of Slovenia -- China's socialist market economy: the sleeping giant wakes -- IV. Alternative paths among developing economies: India: the Elephant walks -- Iran: the struggle for a new traditional Islamic economy -- Revolution and reform in the Mexican economy -- North and South Korea: the lingering shadow of the cold war -- Evolving trends of the transforming world economy --  0aComparative economics. 0aInternational economic relations.1 aRosser, Marina V. a7bcbccorignewd1eocipf20gy-gencatlg 2lcccBK c8454d15954 00102lcc4070aWIUC-KLbWIUC-KLcGENd2019-10-23eSTMl0oHB90.R67(2e)pK/337/337/19r2022-01-20 00:00:00w2022-01-20yBK